Flags of Subnational Units 4 - Statistics

General Stats
  • This quiz has been taken 42 times
  • The average score is 11 of 20
Answer Stats
Picture Hint Answer % Correct
Denmark Greenland
97%
Australia Queensland
87%
USA South Carolina
87%
Japan Tokyo
83%
France Martinique
67%
USA Missouri
63%
Brazil Amazonas
60%
USA Denver
60%
USA St. Louis
60%
China Xinjiang
57%
Netherlands Flevoland
50%
Netherlands Zeeland
50%
Russia Jewish Autonomous Oblast
43%
Spain Cantabria
37%
Peru Cusco
37%
New Zealand Otago
37%
Brazil Pernambuco
37%
UK Monmouthshire
17%
Venezuela Anzoátegui
13%
Malaysia Kelantan
13%
No matching quizzes found
Score Distribution
Percent of People with Each Score
Percentile by Number Answered
Your Score History
You have not taken this quiz